Electronic and radio engineering
Guardado en:
| 主要作者: | |
|---|---|
| 格式: | 圖書 |
| 語言: | English |
| 出版: |
New York, McGraw-Hill,
1955.
|
| 版: | 4 |
| 叢編: | McGraw-Hill electrical and electronic engineering series
|
| 主題: | |
| 標簽: |
添加標簽
沒有標簽, 成為第一個標記此記錄!
|
MARC
| LEADER | 00000nam a2200000Ia 4500 | ||
|---|---|---|---|
| 003 | 003378 | ||
| 005 | 20221231144008.0 | ||
| 008 | 140114s1955 nyua 000 ||eng d | ||
| 040 | |c cru CEDI | ||
| 082 | |a 621.384. T319e | ||
| 100 | |a Terman, Frederick Emmons, 1900-1982. |9 21857 | ||
| 245 | |a Electronic and radio engineering | ||
| 250 | |a 4 | ||
| 260 | |a New York, McGraw-Hill, |c 1955. | ||
| 300 | |a 1078 p. illus. 24 cm. | ||
| 440 | |a McGraw-Hill electrical and electronic engineering series |9 18688 | ||
| 650 | |x RADIO |x ELECTRONICA |9 21858 | ||
| 942 | |2 ddc |c BK | ||
| 999 | |c 15342 |d 15342 | ||
